<A> New generation of entrepreneural leaders rises in CEE
Väčšina dnešných globálnych výziev má jeden spoločný problémom - nedostatok vodcovstva.
Salvato in:
| Autore principale: | |
|---|---|
| Altri autori: | |
| Natura: | Capitolo di libro |
| Lingua: | inglese |
| Soggetti: | |
| Tags: |
Nessun Tag, puoi essere il primo ad aggiungerne!!
|
MARC
| LEADER | 00000naa a2200000 4500 | ||
|---|---|---|---|
| 001 | 0234684 | ||
| 005 | 20240502073814.2 | ||
| 041 | 0 | |a eng | |
| 044 | |a SK | ||
| 245 | 1 | 0 | |a <A> New generation of entrepreneural leaders rises in CEE |c Matúš Kurian, Peter Reťkovský |
| 520 | |a Väčšina dnešných globálnych výziev má jeden spoločný problémom - nedostatok vodcovstva. | ||
| 610 | 2 | 0 | |a vodcovstvo |
| 610 | 2 | 0 | |a lídri |
| 610 | 2 | 0 | |a stredná Európa |
| 100 | 1 | |a Kurian, Matúš | |
| 700 | 1 | |a Reťkovský, Peter | |